Estados do Brasil por bandeiras - Statistics

Estatísticas Gerais
  • Esse quiz foi jogado 681 vezes
  • A pontuação média é 16 de 27
Estatísticas das Respostas
Imagem Resposta % Correto
Rio de Janeiro
88%
Espirito Santo
87%
Santa Catarina
83%
Minas Gerais
81%
São Paulo
80%
Paraná
78%
Paraíba
74%
Acre
70%
Rio Grande do Sul
66%
Amazonas
63%
Mato Grosso
61%
Pernambuco
59%
Rio Grande do Norte
57%
Goiás
56%
Amapá
55%
Pará
54%
Bahia
53%
Distrito Federal
53%
Tocantins
52%
Maranhão
45%
Piauí
45%
Rondônia
45%
Ceará
43%
Roraima
40%
Alagoas
39%
Sergipe
38%
Mato Grosso do Sul
37%
Nenhum quiz correspondente encontrado
Distribuição das Pontuações
Porcentagem de Pessoas com Cada Pontuação
Percentil de Números Respondidos
Sua Pontuação Histórica
Você não jogou esse quiz